Challenges and best practices in foreign languages at tertiary level

Gespeichert in:
Bibliographische Detailangaben
Weitere Verfasser: Hrivíková, Tatiana, 1959-, Grossmanová, Marta, Breveníková, Daniela
Format: Buch
Sprache:Englisch
Veröffentlicht: Győr Publio Publishing 2016
Ausgabe:1st ed.
Schlagworte:
Tags: Tag hinzufügen
Keine Tags, Fügen Sie das erste Tag hinzu!

MARC

LEADER 00000nam a2200000 4500
001 0222817
005 20240502083553.3
020 |a 9789634248477 
041 0 |a eng 
044 |a HU 
245 1 0 |a Challenges and best practices in foreign languages at tertiary level  |c Tatiana Hrivíková (ed.) ; reviewers: Marta Grossmanová, Daniela Breveníková 
250 |a 1st ed. 
264 1 |a Győr  |b Publio Publishing  |c 2016 
300 |a 186 s. [8,36 AH] 
610 2 0 |a jazyky cudzie 
610 2 0 |a vyučovanie 
610 2 0 |a vzdelávanie terciárne 
610 2 0 |a komunikácia interkultúrna 
700 1 |a Hrivíková, Tatiana, 1959- 
700 1 |a Grossmanová, Marta 
700 1 |a Breveníková, Daniela